000
00225nam a2200097Ia 4500
999
_c
34937
_d
34937
008
120527s9999 xx 000 0 und d
100
_a
PRUTKIN,Jordan
245
_a
Fundamental Nursing Skills.
260
_b
Whurr.
942
_c
BK